Pokémon - Les attaques de Prédastérie - Statistiques

Statistiques générales
  • Ce quiz a été pris 14 fois
    8 depuis la dernière actualisation
  • Le résultat moyen est 11 sur 13
Statistiques - réponses
Niveaux Types Noms des attaques % Correct
Niveau 35 Eau Aqua-Brèche
100%
Niveau 15 Poison Choc Venin
100%
Niveau 25 Insecte Dard-Nuée
100%
Départ Poison Dard-Venin
100%
Départ Roche Garde Large
100%
Départ Ténèbres Morsure
100%
Départ Vol Picpic
100%
Évolution Poison Blockhaus
75%
Niveau 42 Poison Bombe Acide
75%
Niveau 49 Poison Direct Toxik
75%
Niveau 30 Poison Pics Toxik
75%
Niveau 56 Poison Toxik
75%
Niveau 20 Normal Soin
50%
Aucun quiz correspondant
Distribution des résultats
% des personnes avec chaque résultat
Percentile par nombre de réponses
Votre historique - résultats
Vous n’avez pas pris ce quiz depuis la dernière actualisation